00590nam a2200193Ia 450000500170000000800410001702000150005804000180007304100080009108200210009910000150012024500600013525000120019526000670020730000150027465000510028965000390034065000170037920220715150103.0210716s2003 xx 000 0 und d a0070532826 cAIMIT LIBRARY aeng a006.32 21bFULI aFu, Limin. aNeural networks in computer intelligence /cBy Limin Fu a1st ed. aNew Delhi :bTata McGraw Hill Publishing Company Ltd. ,c2003. axix, 460p. aNeural Networks-Theory Methods and Application aNeural Network and Expert Systems  aCase Studies